Estudio de la configuración espacial de la ciudad de Cartago y su relación con la asignación de viajes de una red urbana
সংরক্ষণ করুন:
| প্রধান লেখক: | |
|---|---|
| অন্যান্য লেখক: | |
| বিন্যাস: | গ্রন্থ |
| ভাষা: | Spanish |
| প্রকাশিত: |
[San José], Costa Rica
2016
|
| বিষয়গুলি: |
ESTIMACION DE TRAFICO - MODELOS MATEMATICOS - CARTAGO(COSTA RICA)
> TRANSPORTE - MODELOS MATEMATICOS - CARTAGO(COSTA RICA)
> TRAFICO DE CARRETERAS - MODELOS MATEMATICOS - CARTAGO(COSTA RICA)
> FLUJO DE TRAFICO - MODELOS MATEMATICOS - CARTAGO(COSTA RICA)
> URBANISMO - CARTAGO(COSTA RICA)
> FLUJO DE TRAFICO
> INGENIERÍA DEL TRÁNSITO
|
| ট্যাগগুলো: |
ট্যাগ যুক্ত করুন
কোনো ট্যাগ নেই, প্রথমজন হিসাবে ট্যাগ করুন!
|
MARC
| LEADER | 00000nam a22000007a 4500 | ||
|---|---|---|---|
| 003 | 012587 | ||
| 005 | 20231207130805.0 | ||
| 008 | 170502b2016 cr a|||| |m|| 00| ||spa d | ||
| 040 | |c cru CEDI | ||
| 090 | |a TFG 7138 | ||
| 100 | |a Martínez Martínez, Marcos Alberto, 1985- |9 2014 | ||
| 245 | |a Estudio de la configuración espacial de la ciudad de Cartago y su relación con la asignación de viajes de una red urbana | ||
| 260 | |a [San José], Costa Rica |c 2016 | ||
| 300 | |a xi,78 hojas; ilustraciones a color | ||
| 500 | |a Proyecto de graduación (licenciatura en ingeniería civil)--Universidad de Costa Rica. Facultad de Ingeniería. Escuela de Ingeniería Civil | ||
| 501 | |a Director de Proyecto de Graduación: Ing. Jonathan Agüero Valverde, Ph.D | ||
| 650 | |x ESTIMACION DE TRAFICO - MODELOS MATEMATICOS - CARTAGO(COSTA RICA) |x TRANSPORTE - MODELOS MATEMATICOS - CARTAGO(COSTA RICA) |x TRAFICO DE CARRETERAS - MODELOS MATEMATICOS - CARTAGO(COSTA RICA) |x FLUJO DE TRAFICO - MODELOS MATEMATICOS - CARTAGO(COSTA RICA) |x URBANISMO - CARTAGO(COSTA RICA) |x FLUJO DE TRAFICO |x INGENIERÍA DEL TRÁNSITO |9 8123 | ||
| 700 | |a Agüero Valverde, Jonathan Gerardo, 1976- |d Director del TFG |9 242 | ||
| 942 | |c TFG |h TFG 7138 |i 012587 |6 TFG_7138_012587000000000 | ||
| 999 | |c 18261 |d 18261 | ||
